Παλαιοχριστιανικά και βυζαντινά ταφικά μνημεία της Ελλάδος : διαπιστώσεις και προβλήματα :
Αποθηκεύτηκε σε:
| Κύριος συγγραφέας: | |
|---|---|
| Μορφή: | Βιβλίο |
| Γλώσσα: | Greek |
| Δημοσίευση: |
Θεσσαλονίκη :
[χ.ό],
1996.
|
| Θέματα: | |
| Ετικέτες: |
Προσθήκη ετικέτας
Δεν υπάρχουν, Καταχωρήστε ετικέτα πρώτοι!
|
MARC
| LEADER | 00000nam a2200000 a 4500 | ||
|---|---|---|---|
| 001 | 1/127364 | ||
| 008 | 230928s1996####gr | ||| |||| ||gre|| | ||
| 040 | |a GR-MyUa |b gre |c GR-MyUa |e AACR2 | ||
| 041 | 0 | |a gre | |
| 082 | 7 | |a 726.809 |2 (23) | |
| 100 | 1 | |a Λάσκαρης, Νικόλαος Γ. | |
| 245 | 1 | 0 | |a Παλαιοχριστιανικά και βυζαντινά ταφικά μνημεία της Ελλάδος : |h (ανάτυπο) / |b διαπιστώσεις και προβλήματα : |c Νικόλαος Λάσκαρης. |
| 260 | |a Θεσσαλονίκη : |b [χ.ό], |c 1996. | ||
| 300 | |a 56 σ. ; |c 30 εκ. | ||
| 500 | |a Ανάτυπο από τα ''Βυζαντιακά'', τόμ. 16, σελ. 297-350. | ||
| 504 | |a Περιλαμβάνει βιβλιογραφικές παραπομπές. | ||
| 650 | 0 | |a Tombs |x History. | |
| 650 | 0 | |a Tombs |z Greece. | |
| 650 | 0 | |a Architecture, Byzantine |z Greece. | |
| 650 | 0 | |a Architecture, Early Christian | |
| 650 | 0 | |a Sepulchral monuments |z Greece. | |
| 852 | |a INST |b RHODES |e 20230928 |h 726.809 ΛΑΣ |p 005400043794 |q 005400043794 |t BK |y 0 | ||
| 970 | |z 28-09-2023 | ||